000 00828nam a22001817a 4500
005 20120425151858.0
020 _c70.00
_a 817182935x
035 _aB-66994
037 _b
_adpl
082 _a394.2682
100 _aशर्मा, राजेश
_945749
245 1 _aहिन्दुओं के व्रत, पर्व और त्यौहार /
_cराजेश शर्मा
260 _aनई दिल्ली
_bडायमंड पॉकेट बुक्स
_c2002
270 _a
_b
_e
_k
300 _a268पृ.
_c22सेमी (अजिल्द)
942 _adpl
_cHN
_k
_2ddc
_h394.2682
_mशर्मारा
999 _c65633
_d65633